000 00783nam a2200265 a 4500
001 BRL_568
005 20190320210813.0
008 030913s1974----mx-a######---#000-0#spa-#
041 _aspaeng
044 _amx
050 4 _aF1219
_b.G46 1974
100 1 _aGendrop, Paul
_924311
245 1 0 _aEl México Antiguo = Ancient Mexico
_cPaul Gendrop.
250 _a2e ad. 1 reimp.
260 _aMéxico
_bTrillas
_c1974
300 _a183 p.
_bil. (algunas a color)
_c21 cm.
500 _aAu624
500 _aTexto en: inglés y español.
650 1 4 _aIndígenas de México
_xAntigüedades
_9509
650 1 4 _aIndígenas de México
_xArte
_919546
650 1 4 _aIndígenas de México
_xArquitectura
_924312
651 4 _aMéxico
_xAntigüedades
_92765
902 _aGRL
942 _2lcc
_cB
999 _c9380
_d9380